000 00521nam a22001577a 4500
999 _c529370
_d529370
020 _qHard Cover.
082 _a621.3
100 _aShahzad, Khurram
245 _aEFFORT ESTIMATION OF EMBEDDED SYSTEMS USING FUNCTION POINT ANALYSIS /
_cKhurram Shahzad
260 _aIslamabad:
_bCEME - NUST,
_c2016.
300 _a64 p.: ill.;
_c30cm.
942 _2ddc
_cTHE
650 _aComputer Software Engineering MS-Thesis.
_916105
700 _aDr. Shoab Ahmed Khan.
_916053